00490nam a2200193 a 4500001001300000003000900013005001700022008004100039020000800080082001800088100002100106245003700127260003400164300000900198500003500207505001000242650002300252700002100275nice12345678IN_TiNIC20260116011322.0050524s1927 oxfa grp 000 0 eng  ac000a954.0254bSMI aSmith, Vincent A aAkbar, the Great Mogul 1542-1605 aOxfordbClarendon Pressc1927 a504p aincludes index and biblioraphy2 aIndex aMughal India-Akbar1 aSmith, Vincent A